Information Systems for Management <A> Book of Readings
Salvato in:
| Altri autori: | , , |
|---|---|
| Natura: | Libro |
| Lingua: | inglese |
| Pubblicazione: |
Homewood
Irwin
1991
|
| Edizione: | 4. ed. |
| Soggetti: | |
| Tags: |
Nessun Tag, puoi essere il primo ad aggiungerne!!
|
MARC
| LEADER | 00000nam a2200000 4500 | ||
|---|---|---|---|
| 001 | c003168 | ||
| 005 | 20221206114645.2 | ||
| 020 | |a 0-256-09390-3 | ||
| 041 | 0 | |a eng | |
| 044 | |a US | ||
| 245 | 1 | 0 | |a Information Systems for Management |b <A> Book of Readings |c Edit. Hugh J. Watson, Archie B. Carroll, Robert I. Mann |
| 250 | |a 4. ed. | ||
| 264 | 1 | |a Homewood |b Irwin |c 1991 | |
| 300 | |a 436 s. | ||
| 610 | 2 | 0 | |a systémy informačné |
| 610 | 2 | 0 | |a manažment |
| 610 | 2 | 0 | |a systémy informačné manažérske |
| 610 | 2 | 0 | |a hardvér |
| 610 | 2 | 0 | |a softvér |
| 610 | 2 | 0 | |a organizácia |
| 610 | 2 | 0 | |a spoločnosť |
| 610 | 2 | 0 | |a etika |
| 610 | 2 | 0 | |a telekomunikácie |
| 610 | 2 | 0 | |a DSS |
| 610 | 2 | 0 | |a systémy expertné |
| 700 | 1 | |a Watson, Hugh J. | |
| 700 | 1 | |a Carroll, Archie B. | |
| 700 | 1 | |a Mann, Robert I. | |